Customer Relationship Management:A Strategic Perspective (Record no. 4033)

MARC details
000 -LEADER
fixed length control field 00362nam a2200145Ia 4500
008 - FIXED-LENGTH DATA ELEMENTS--GENERAL INFORMATION
fixed length control field 191201s2009 xx 000 0 und d
082 ## - DEWEY DECIMAL CLASSIFICATION NUMBER
Classification number 658.812
Item number SHC
100 ## - MAIN ENTRY--PERSONAL NAME
Personal name SHAINESH, G
245 #0 - TITLE STATEMENT
Title Customer Relationship Management:A Strategic Perspective
250 ## - EDITION STATEMENT
Edition statement Rep.
260 ## - PUBLICATION, DISTRIBUTION, ETC. (IMPRINT)
Place of publication, distribution, etc N.Delhi
Name of publisher, distributor, etc Macmillan
Date of publication, distribution, etc 2009
300 ## - PHYSICAL DESCRIPTION
Extent 198
650 ## - SUBJECT ADDED ENTRY--TOPICAL TERM
Topical term or geographic name as entry element MBA
942 ## - ADDED ENTRY ELEMENTS (KOHA)
Source of classification or shelving scheme Dewey Decimal Classification
Koha item type Text Books
Holdings
Withdrawn status Lost status Source of classification or shelving scheme Damaged status Not for loan Collection code Home library Current library Date acquired Source of acquisition Cost, normal purchase price Bill Number Total Checkouts Full call number Acc. no. / Barcode Date last seen Bill Date Koha item type
    Dewey Decimal Classification     MBA PIET C-LIBRARY PIET C-LIBRARY 27/07/2009 J B C, New Delhi 235.00 SI-611   658.812 SHC 13006 04/12/2019 20/07/2009 Text Books
    Dewey Decimal Classification     MBA PIET C-LIBRARY PIET C-LIBRARY 27/07/2009 J B C, New Delhi 235.00 SI-611   658.812 SHC 13007 04/12/2019 20/07/2009 Text Books

Design & Developed by: PIET Central Library
R70 Miles Stone Pattikalyana Samalkha Panipat 132102
mail ID :- [email protected], Phone No:- 0180-2569700 Ex.216